000 00675nam a2200253 a 4500
001 nice12345678
003 IN_TiNIC
005 20260116012023.0
008 050524s1979 newa grp 000 0 eng
020 _a
_c75
082 0 0 _a323.39710954
_bCHO
100 _aChopra, P N
245 _aRole of Indian Muslims in the Struggle for Freedom
260 _aNew Delhi
_bLight and Life Publishers
_c1979
300 _a234p
500 _aincludes index and biblioraphy
505 2 _aIndex, Bibliography
650 _aMuslims-India-Politics
650 _aComparative Religion-Christianity
700 1 _aChopra, P N
902 _bSRS
942 _cBK
999 _c5315
_d5315